00459 a2200145 450000500170000002000220001708200150003910000170005424500980007125000120016926000400018130000510022170000190027270000220029120250613102818.0 a978-0-07-353063-5 a332.02 KAP aKAPOOR,R. J. aFocus on Personal Finance: an active approach to help you develop successful financial skills a2nd Ed. aNewYork,bMcGraw-Hill/Irwin,c2008. axxiv,504p.:ill.;figures, tablesbIndexc27.5cm aDLABAY, R. Les aHUGHES, J. Robert